000 00584nam a2200193 i 4500
001 23668
003 ES-MaACL
005 20250910211251.0
007 t|
008 021211s1981 sp ||||1| spa d
100 1 _aAnder-Egg, Ezequiel.
_921426
245 1 3 _aEl holocausto del hambre... /
_cEzequiel Ander-Egg.
260 _a[Madrid] :
_bMarsiega,
_c[1981]
300 _a110 p. ;
_c24 cm.
490 1 _aEl Colección El mundo en que vivimos
830 0 _aColección El mundo en que vivimos
_9229048
852 _aES-MaACL
_jL-1801
_bR.102625
999 _c23668
_d23668